000 00582nam a2200181 4500
001 113423
003 ES-MaACL
005 20250830212206.0
007 t|
008 061121s1970 sp r ||||1| spa d
100 1 _aNixon, Richard M.
_985786
245 1 3 _aEl presidente Nixon en Madrid
_b: EspaƱa acoge a un amigo /
_cRichard M. Nixon.
260 _aMadrid :
_bServicio de Información de los Estados Unidos,
_c1970.
300 _a10 h. ;
_c27 cm.
710 2 _aUnited States Information Service
_94026
852 _aES-MaACL
_j2076-F-18
_bR.77198
999 _c113423
_d113423